000 004340000a22001810004500
003 MACL
005 20151201122413.0
008 151201b xxu||||| |||| 00| 0 eng d
040 _aMACL
_cMACL
041 _aEnglish
082 _a741.642
100 _aSingh, Kartar
_918862
245 _aStories From Sikh History
260 _bHemkunt Press
_c1971
350 _a13
650 _aChildren's Books
_97484
942 _cBK
_k741.642
_2ddc
999 _c4434
_d4434